000 00361nam a22001217a 4500
008 230612b xxu||||| |||| 00| 0 eng d
082 _a354.62
_bGOK
100 _cGovernment of Kenya
245 _aReport of the Public Accounts Committee on the Government of Kenya Accounts for the year 2006/07
260 _aKenya
_bGOK
_c2007
300 _a882p
942 _2ddc
_cBK
999 _c1059
_d1059